| 000 | 00632nam a22002297a 4500 | ||
|---|---|---|---|
| 005 | 20170124110009.0 | ||
| 010 | _aA-346371 | ||
| 020 | _c00.00 | ||
| 035 | _aA-346371 | ||
| 037 | _bCen Lib/Ret | ||
| 040 |
_aDPL _bEN |
||
| 082 |
_a332 _bMIS |
||
| 100 |
_aMisra, S.K. _98602 |
||
| 245 |
_aMoney, income and financial institutions / _cby S.K. Misra |
||
| 250 | _a4th ed | ||
| 260 |
_aDelhi _bPragati Publications _c1986 |
||
| 270 |
_a9926, Library Road _bDelhi _e110006 |
||
| 300 |
_axii,514p. _c20cm(Hb) |
||
| 650 |
_aMoney. _974461 |
||
| 650 |
_aFinancial Economics _91790 |
||
| 942 |
_2ddc _cEN _h332 _mMIS |
||
| 999 |
_c126429 _d126429 |
||